| 000 | 00429nam a2200157Ia 4500 | ||
|---|---|---|---|
| 008 | 210719s1971 xx 000 0 und d | ||
| 041 | _aeng | ||
| 082 | _a320.5 EASP | ||
| 100 | _aEASTON (David) | ||
| 245 | _aPolitical system: an inquiry into the state of political science. | ||
| 250 | _a2 | ||
| 260 |
_aCalcutta _bScientific Book Agency. _c1971 |
||
| 300 |
_axx,377,x _bHB |
||
| 365 |
_b8 _cRs |
||
| 650 | _aPolitical Thought | ||
| 999 |
_c212751 _d212751 |
||